000
00218nam a2200109Ia 4500
100
_a
#N/A
942
_c
BK
245
_a
POWER BUILDER 5: A DEVELOPER'S GUIDE
260
_b
BPB Publ.
082
_b
MCC
546
_a
ENGLISH
999
_c
31145
_d
31145